00551nam a22001337a 4500008004100000040005500041080002300096100002400119245016000143260006000303300001300363650001900376653002200395230406b |||||||| |||| 00| 0 eng d aNational Science LibrarycNational Science Library a338.964(547.6)bL31 aVanader Veen, Jan H aStudy of small industries in Gujrat state, Indiac/ Employment and income distribution project ..........................................Cornell University aNew York: bDepartment of Agriculture Economics, c1973 avi, 74p. aSmall industry aIndian industries